000 00511nam a2200217Ia 4500
005 20250425160854.0
008 250425s9999 xx 000 0 und d
020 _a0070044503
041 _aeng
082 _a541.395
100 _aBENDER, MYRON L.
245 0 _aCATALYSIS AND ENZYME ACTION
250 _a1TH ED.
260 _aEstados Unidos
_bMCGRAW - HILL
_c1973
260 _aNEW YORK
300 _a203
650 _aCATALISIS
700 _aBRUBACHER, LEWIS J.
942 _c01
010 _a7328
999 _c197922
_d197922